[Event "Rilton Cup 51st"]
[Site "Stockholm"]
[Date "2023.12.29"]
[Round "3"]
[White "Anand, Batsukh"]
[Black "D'Costa, Lorin AR"]
[Result "1/2-1/2"]
[WhiteElo "2263"]
[BlackElo "2375"]
[PlyCount "60"]
[EventDate "2023.12.27"]
[EventType "swiss"]
[EventRounds "9"]
[EventCountry "SWE"]
[SourceTitle "CB02_2024"]
[SourceDate "2024.01.10"]
[SourceVersion "1"]
[SourceVersionDate "2024.01.10"]
[SourceQuality "1"]

1. d4 d5 2. Nf3 Nf6 3. c4 c6 4. e3 Bf5 5. Nc3 e6 6. Nh4 Bg6 7. Be2 Nbd7 8. 0-0 Bd6 9. g3 0-0 10. b3 Re8 11. Bb2 a6 12. a4 e5 13. Nxg6 hxg6 14. Bf3 exd4 15. exd4 Bb4 16. Qc2 Nf8 17. Na2 Ba5 18. b4 Bc7 19. b5 axb5 20. axb5 Ne6 21. Nb4 Ba5 22. Nd3 dxc4 23. Qxc4 cxb5 24. Qxb5 Nxd4 25. Bxd4 Qxd4 26. Bxb7 Ra7 27. Bc6 Rc8 28. Ne5 Bc7 29. Rxa7 Qxa7 30. Nd7 Nxd7 1/2-1/2

[Event "Sant Boi de Llobregat op 4th"]
[Site "Sant Boi de Llobregat"]
[Date "2023.12.04"]
[Round "5"]
[White "Anand, Batsukh"]
[Black "Szpar, Milosz"]
[Result "0-1"]
[WhiteElo "2263"]
[BlackElo "2485"]
[PlyCount "78"]
[EventDate "2023.11.30"]
[EventType "swiss"]
[EventRounds "9"]
[EventCountry "ESP"]
[SourceTitle "CB50_2023"]
[SourceDate "2023.12.13"]
[SourceVersion "1"]
[SourceVersionDate "2023.12.13"]
[SourceQuality "1"]

1. Nf3 d5 2. d4 Nf6 3. c4 c6 4. e3 Bf5 5. Nc3 e6 6. Nh4 Be4 7. f3 Bg6 8. Qb3 Qc7 9. Bd2 Be7 10. 0-0-0 dxc4 11. Bxc4 b5 12. Be2 a6 13. Nxg6 hxg6 14. g3 c5 15. dxc5 Nbd7 16. Kb1 Nxc5 17. Qc2 Rc8 18. Rc1 Qb7 19. h4 0-0 20. a3 a5 21. Bxb5 Qxf3 22. Be2 Qb7 23. Ka2 Nfe4 24. Nxe4 Nxe4 25. Bc3 Bf6 26. Qb3 Nxc3+ 27. bxc3 Qg2 28. Rhe1 Rfd8 29. Rc2 Qxg3 30. Rec1 Rb8 31. Bb5 Qxe3 32. c4 Rd3 33. Qa4 Be7 34. c5 Rxb5 35. Qxb5 Rxa3+ 36. Kb1 Rb3+ 37. Qxb3 Qxb3+ 38. Rb2 Qd3+ 39. Rcc2 Bxc5 0-1

[Event "Sant Boi de Llobregat op 4th"]
[Site "Sant Boi de Llobregat"]
[Date "2023.12.02"]
[Round "3"]
[White "Anand, Batsukh"]
[Black "Bharath, Subramaniyam H"]
[Result "1/2-1/2"]
[WhiteElo "2369"]
[BlackElo "2504"]
[PlyCount "138"]
[EventDate "2023.11.30"]
[EventType "swiss"]
[EventRounds "9"]
[EventCountry "ESP"]
[SourceTitle "CB50_2023"]
[SourceDate "2023.12.13"]
[SourceVersion "1"]
[SourceVersionDate "2023.12.13"]
[SourceQuality "1"]

1. Nf3 d5 2. d4 Nf6 3. c4 e6 4. g3 Bb4+ 5. Bd2 Be7 6. Bg2 0-0 7. 0-0 c6 8. Qc2 Nbd7 9. Rd1 a5 10. Bf4 a4 11. Nc3 Qa5 12. c5 b6 13. cxb6 Bb7 14. e4 Nxb6 15. e5 Nfd7 16. Bd2 Qa7 17. Bg5 Rfe8 18. h4 Nc4 19. b3 Ncb6 20. Rab1 axb3 21. axb3 Bb4 22. h5 Qa5 23. Ne2 h6 24. Bd2 c5 25. Bxb4 Qxb4 26. dxc5 Nxc5 27. Rd4 Qa3 28. Nc3 Ba6 29. b4 Bd3 30. Rxd3 Nxd3 31. Nb5 Nxb4 32. Qc5 Qa5 33. Qxb4 Qxb4 34. Rxb4 Nc4 35. Bf1 Rab8 36. Rxc4 dxc4 37. Bxc4 Rec8 38. Nd6 Rc5 39. Kg2 Rb4 40. Bd3 Rc3 41. Be2 Kf8 42. Nb5 Rc2 43. Bd3 Ra2 44. Nd6 Ra3 45. Bf1 Ra1 46. Bd3 Rd1 47. Be2 Rc1 48. Nb5 Rc5 49. Nbd4 Rd5 50. Nc2 Rb2 51. Ncd4 Rxd4 52. Nxd4 Rd2 53. Nxe6+ fxe6 54. Kf3 Ke7 55. Ke3 Rb2 56. f4 Rb3+ 57. Kf2 Kd7 58. Bg4 Rc3 59. Kg2 Ra3 60. Kf2 Rc3 61. Kg2 Rc6 62. Kf3 Ra6 63. Kf2 Ra3 64. Kg2 Ra2+ 65. Kf3 Rh2 66. Ke3 Ke7 67. Kf3 Kd7 68. Ke3 Ke7 69. Kf3 Kd7 1/2-1/2

[Event "Wch U16"]
[Site "Montesilvano"]
[Date "2023.11.23"]
[Round "10"]
[White "Anand, Batsukh"]
[Black "Sachilaru, Alexandru"]
[Result "1/2-1/2"]
[WhiteElo "2369"]
[BlackElo "2152"]
[PlyCount "130"]
[EventDate "2023.11.13"]
[EventType "swiss"]
[EventRounds "11"]
[EventCountry "ITA"]
[SourceTitle "CB48_2023"]
[SourceDate "2023.11.29"]
[SourceVersion "1"]
[SourceVersionDate "2023.11.29"]
[SourceQuality "1"]

1. Nf3 Nf6 2. c4 g6 3. g3 Bg7 4. Bg2 0-0 5. 0-0 d6 6. d4 Nc6 7. Nc3 Rb8 8. e3 a6 9. Nd2 Bd7 10. Qe2 Re8 11. a3 e5 12. d5 Nd4 13. Qd1 Nf5 14. b4 c6 15. Bb2 cxd5 16. cxd5 h5 17. h3 Rc8 18. Qb3 Qb6 19. Kh2 Rc7 20. Nc4 Qa7 21. Rfc1 Rec8 22. Ne4 Nxe4 23. Bxe4 b5 24. Na5 Ne7 25. Bg2 Qa8 26. Rc3 Rxc3 27. Bxc3 Rc7 28. Rd1 Qc8 29. Bb2 Kh7 30. Rd2 Kg8 31. Qd1 Kh7 32. Qe2 Qe8 33. Qd1 Qc8 34. Qe2 Qe8 35. Be4 Kg8 36. Qf1 Qc8 37. Bg2 Kh7 38. f4 Rc2 39. Qd1 Rxd2 40. Qxd2 exf4 41. exf4 Qh8 42. Bxg7 Qxg7 43. Nc6 Qf6 44. Qc1 Nf5 45. Nb8 Be8 46. Nxa6 Qd4 47. Qe1 h4 48. g4 Qxf4+ 49. Kg1 Qd4+ 50. Qf2 Qa1+ 51. Bf1 Ng3 52. Nc7 Nxf1 53. Qxf1 Qxa3 54. Nxe8 Qe3+ 55. Qf2 Qxe8 56. Qxh4+ Kg7 57. Qg3 Qe4 58. Qc3+ Kh7 59. Qd2 Qf3 60. Kh2 Kg7 61. Qd4+ Kh7 62. Qd2 Kg7 63. Qd4+ Kh7 64. Qd2 Kg7 65. Qd4+ Kh7 1/2-1/2

[Event "Wch U16"]
[Site "Montesilvano"]
[Date "2023.11.17"]
[Round "5"]
[White "Anand, Batsukh"]
[Black "Leitgeb, Julian"]
[Result "1-0"]
[WhiteElo "2369"]
[BlackElo "2174"]
[PlyCount "71"]
[EventDate "2023.11.13"]
[EventType "swiss"]
[EventRounds "11"]
[EventCountry "ITA"]
[SourceTitle "CB48_2023"]
[SourceDate "2023.11.29"]
[SourceVersion "1"]
[SourceVersionDate "2023.11.29"]
[SourceQuality "1"]

1. Nf3 d5 2. c4 dxc4 3. Qa4+ Nc6 4. g3 g6 5. Bg2 Bg7 6. 0-0 e5 7. Qxc4 Nge7 8. d3 Be6 9. Qc2 h6 10. Nc3 0-0 11. Bd2 b6 12. a3 Qd7 13. Rac1 Rac8 14. b4 a5 15. bxa5 Nxa5 16. Rb1 Rfd8 17. Ne4 f5 18. Nc5 bxc5 19. Bxa5 c4 20. Rfd1 cxd3 21. Rxd3 Qe8 22. Rxd8 Qxd8 23. Rd1 Qe8 24. Qc5 e4 25. Nd4 Bf7 26. e3 Bf8 27. Bf1 Qa4 28. Ra1 Nc6 29. Qxc6 Qxa5 30. Bc4 Bxc4 31. Qxc4+ Kh7 32. Qf7+ Bg7 33. Ne6 Qe5 34. Rd1 Qf6 35. Rd7 Qxf7 36. Rxf7 1-0

[Event "Wch U16"]
[Site "Montesilvano"]
[Date "2023.11.16"]
[Round "4"]
[White "Klimkowski, Jan"]
[Black "Anand, Batsukh"]
[Result "1-0"]
[WhiteElo "2520"]
[BlackElo "2369"]
[PlyCount "137"]
[EventDate "2023.11.13"]
[EventType "swiss"]
[EventRounds "11"]
[EventCountry "ITA"]
[SourceTitle "CB48_2023"]
[SourceDate "2023.11.29"]
[SourceVersion "1"]
[SourceVersionDate "2023.11.29"]
[SourceQuality "1"]

1. d4 Nf6 2. c4 e6 3. Nc3 Bb4 4. e3 0-0 5. Bd2 d5 6. Nf3 Nbd7 7. Rc1 Re8 8. cxd5 exd5 9. Qb3 Bxc3 10. Bxc3 c5 11. dxc5 Nxc5 12. Qa3 b6 13. Bb5 Nfe4 14. 0-0 Bd7 15. Be2 Qe7 16. Rcd1 Be6 17. Bd4 Rac8 18. Ne5 f6 19. Nd3 Nxd3 20. Qxe7 Rxe7 21. Bxd3 Nc5 22. Be2 Kf7 23. f3 Nb7 24. Bd3 Nc5 25. Bb1 Bd7 26. Rd2 Ne6 27. Bc3 Nc7 28. Kf2 Be6 29. Bd3 Rd8 30. a4 Bd7 31. Bb4 Ree8 32. a5 Ne6 33. Rc1 Rc8 34. Rxc8 Rxc8 35. Ba6 Rd8 36. axb6 axb6 37. Bb7 Bb5 38. Bxd5 Rd7 39. e4 g5 40. g3 Rc7 41. f4 gxf4 42. gxf4 Bc4 43. Bd6 Rc8 44. Rc2 Bxd5 45. Rxc8 Bxe4 46. Rb8 h5 47. Rxb6 Ke8 48. Ke3 f5 49. Be5 Kd7 50. b4 h4 51. b5 h3 52. Rd6+ Ke7 53. b6 Bg2 54. Rd1 Ke8 55. Bf6 Nc5 56. Bg5 Be4 57. Rd8+ Kf7 58. Rc8 Nb7 59. Kd4 Ke6 60. Rh8 Bg2 61. Rh6+ Kd7 62. Ke5 Nc5 63. Kxf5 Na4 64. Ke5 Kc8 65. f5 Nc5 66. f6 Nd7+ 67. Kd6 Nxb6 68. f7 Nd7 69. Rh8+ 1-0

[Event "Pozarevac Rudar GM 11"]
[Site "Pozarevac"]
[Date "2023.11.05"]
[Round "6.2"]
[White "Anand, Batsukh"]
[Black "Spasov, Vasil"]
[Result "1/2-1/2"]
[WhiteElo "2369"]
[BlackElo "2480"]
[PlyCount "67"]
[EventDate "2023.10.31"]
[EventType "tourn"]
[EventRounds "9"]
[EventCountry "SRB"]
[EventCategory "7"]
[SourceTitle "CB46_2023"]
[SourceDate "2023.11.15"]
[SourceVersion "1"]
[SourceVersionDate "2023.11.15"]
[SourceQuality "1"]

1. d4 d6 2. Nf3 Nf6 3. c4 g6 4. Nc3 Bf5 5. Qb3 b6 6. g3 c5 7. d5 Bg7 8. Nh4 Bd7 9. Bg2 Na6 10. 0-0 Nc7 11. e4 0-0 12. Bd2 Rb8 13. a4 a6 14. Qc2 b5 15. axb5 axb5 16. cxb5 Nxb5 17. Nxb5 Bxb5 18. Rfe1 Ng4 19. Bc3 Bd4 20. Bxd4 cxd4 21. Qd2 d3 22. Nf3 Qb6 23. h3 Ne5 24. Nxe5 dxe5 25. Bf1 f5 26. Bxd3 Bxd3 27. Qxd3 fxe4 28. Qe3 Qxe3 29. Rxe3 Rxb2 30. Rf1 Rd2 31. Rxe4 Rxd5 32. Rfe1 Rd2 33. R1e2 Rxe2 34. Rxe2 1/2-1/2

[Event "Pozarevac Rudar GM 11"]
[Site "Pozarevac"]
[Date "2023.11.02"]
[Round "3.3"]
[White "Sahib, Singh"]
[Black "Anand, Batsukh"]
[Result "1/2-1/2"]
[WhiteElo "2397"]
[BlackElo "2369"]
[PlyCount "94"]
[EventDate "2023.10.31"]
[EventType "tourn"]
[EventRounds "9"]
[EventCountry "SRB"]
[EventCategory "7"]
[SourceTitle "CB46_2023"]
[SourceDate "2023.11.15"]
[SourceVersion "1"]
[SourceVersionDate "2023.11.15"]
[SourceQuality "1"]

1. e4 c6 2. d4 d5 3. e5 Bf5 4. Nf3 e6 5. Be2 c5 6. c3 Nc6 7. 0-0 cxd4 8. Nxd4 Nxd4 9. cxd4 Ne7 10. Nc3 Nc6 11. Be3 Qd7 12. Rc1 Bb4 13. Na4 0-0 14. a3 Be7 15. b4 f6 16. f4 Rad8 17. Nc5 Bxc5 18. Rxc5 fxe5 19. fxe5 Be4 20. Re1 Qf7 21. Bh5 Bg6 22. Bf3 Be4 23. Bh5 Qd7 24. Qd2 Ne7 25. Rc3 Rc8 26. Rec1 Rxc3 27. Rxc3 Rc8 28. Qc1 Rxc3 29. Qxc3 Qc8 30. Qc5 Qxc5 31. dxc5 a6 32. Bd4 Nc6 33. Bb2 Kf8 34. Kf2 d4 35. Be2 Kf7 36. b5 axb5 37. Bxb5 Nxe5 38. Bxd4 Ng4+ 39. Kg3 Nh6 40. Bc3 Nf5+ 41. Kf2 Ne7 42. a4 Bc6 43. Be5 Bd5 44. g4 Ng6 45. Bd6 Ne7 46. a5 Nc6 47. Bxc6 Bxc6 1/2-1/2

[Event "Pozarevac Rudar GM 11"]
[Site "Pozarevac"]
[Date "2023.10.31"]
[Round "1.2"]
[White "Spasic, Petar"]
[Black "Anand, Batsukh"]
[Result "1/2-1/2"]
[WhiteElo "2328"]
[BlackElo "2369"]
[PlyCount "99"]
[EventDate "2023.10.31"]
[EventType "tourn"]
[EventRounds "9"]
[EventCountry "SRB"]
[EventCategory "7"]
[SourceTitle "CB46_2023"]
[SourceDate "2023.11.15"]
[SourceVersion "1"]
[SourceVersionDate "2023.11.15"]
[SourceQuality "1"]

1. c4 Nf6 2. Nf3 e6 3. g3 d5 4. d4 Bb4+ 5. Bd2 a5 6. Bg2 0-0 7. 0-0 dxc4 8. Qc2 Bxd2 9. Nbxd2 b5 10. a4 c6 11. b3 cxb3 12. Nxb3 Ba6 13. Nc5 bxa4 14. Nxa6 Rxa6 15. Rxa4 Nbd7 16. Rfa1 Qc7 17. Nd2 Rfa8 18. Nb3 Qb6 19. e3 Nd5 20. R1a3 Rb8 21. Bf1 Ra7 22. Nxa5 Qb1 23. Qxb1 Rxb1 24. Nxc6 Rxa4 25. Rxa4 N7b6 26. Ra7 g5 27. Rb7 Rc1 28. Ne5 Rc7 29. Rxc7 Nxc7 30. e4 Kg7 31. f3 h6 32. Kf2 Nc8 33. Ke3 Nd6 34. Kd2 h5 35. Nd7 g4 36. Be2 gxf3 37. Bxf3 Kh6 38. Nf6 Kg5 39. e5 Nf5 40. Kd3 h4 41. Ne4+ Kg6 42. Bg4 Nh6 43. Bd1 hxg3 44. hxg3 Nf5 45. g4 Nh4 46. Kc4 Nd5 47. Kc5 Ne3 48. Be2 Nhg2 49. g5 Nf4 50. Bb5 1/2-1/2

[Event "Pardubice Czech op-A 34th"]
[Site "Pardubice"]
[Date "2023.07.27"]
[Round "7"]
[White "Anand, Batsukh"]
[Black "Czopor, Maciej"]
[Result "1/2-1/2"]
[WhiteElo "2242"]
[BlackElo "2379"]
[PlyCount "150"]
[EventDate "2023.07.21"]
[EventType "swiss"]
[EventRounds "9"]
[EventCountry "CZE"]
[SourceTitle "CBM 215 Extra"]
[Source "ChessBase"]
[SourceDate "2023.09.30"]
[SourceVersion "1"]
[SourceVersionDate "2023.09.30"]
[SourceQuality "1"]

1. d4 Nf6 2. c4 e6 3. Nf3 d5 4. g3 Bb4+ 5. Bd2 a5 6. Qc2 0-0 7. Bg2 c5 8. cxd5 cxd4 9. Nxd4 Qb6 10. e3 exd5 11. 0-0 Nc6 12. Bc3 Bxc3 13. Qxc3 Bd7 14. Nxc6 bxc6 15. Nd2 Rfb8 16. b3 Qb4 17. Qc2 a4 18. bxa4 Qxa4 19. Rfc1 Qxc2 20. Rxc2 Ra3 21. Rb1 Rba8 22. Rbb2 Bf5 23. Rxc6 Rxa2 24. Rcb6 Ra1+ 25. Bf1 h5 26. f3 R8a2 27. Kf2 Nd7 28. R6b5 Nc5 29. e4 Rxb2 30. Rxb2 Be6 31. exd5 Bxd5 32. Rb8+ Kh7 33. Rb5 Rc1 34. Bc4 Rxc4 35. Nxc4 Nd3+ 36. Ke3 Bxc4 37. Rxh5+ Kg6 38. Ra5 Nb2 39. Kd4 Be6 40. f4 Kf6 41. Ra6 Nd1 42. Ra1 Nf2 43. Rf1 Ng4 44. h3 Nh6 45. g4 Nxg4 46. hxg4 Bxg4 47. Ra1 Be6 48. Ra5 g6 49. Rg5 Bf5 50. Kd5 Be6+ 51. Kd6 Bf5 52. Kc7 Be6 53. Kd8 Bf5 54. Ke8 Be6 55. Kf8 Bf5 56. Kg8 Be6 57. Kh7 Bf5 58. Kh6 Be6 59. Ra5 Bf5 60. Ra6+ Be6 61. Ra5 Bf5 62. Rc5 Be6 63. Kh7 Bf5 64. Kg8 Be6 65. Ra5 Bf5 66. Kf8 Be6 67. Re5 Bf5 68. Rd5 Be6 69. Rb5 Bf5 70. Rb7 Be6 71. Rb4 Bf5 72. Rd4 Be6 73. Ra4 Bf5 74. Rd4 Be6 75. Ra4 Bf5 1/2-1/2

[Event "Piestany op-A"]
[Site "Piestany"]
[Date "2023.07.19"]
[Round "9"]
[White "Klabis, Rokas"]
[Black "Anand, Batsukh"]
[Result "0-1"]
[WhiteElo "2420"]
[BlackElo "2242"]
[PlyCount "158"]
[EventDate "2023.07.11"]
[EventType "swiss"]
[EventRounds "9"]
[EventCountry "SVK"]
[SourceTitle "EXT 2024"]
[Source "ChessBase"]
[SourceDate "2023.10.10"]
[SourceVersion "1"]
[SourceVersionDate "2023.10.10"]
[SourceQuality "1"]

1. e4 c6 2. d4 d5 3. Nc3 dxe4 4. Nxe4 Bf5 5. Ng3 Bg6 6. Nh3 Nf6 7. c3 Nbd7 8. Bc4 e6 9. Nf4 Bd6 10. h4 Qc7 11. h5 Bxf4 12. hxg6 fxg6 13. Bxf4 Qxf4 14. Bxe6 0-0-0 15. 0-0 h5 16. Qc1 Qd6 17. Re1 h4 18. Nf1 Rde8 19. Bh3 Rxe1 20. Qxe1 g5 21. Qe6 Qf4 22. g3 hxg3 23. fxg3 Qf3 24. Re1 Qh5 25. Re5 Qxh3 26. Qxh3 Rxh3 27. Rxg5 Rh7 28. Ne3 Ne4 29. Rg6 Nf8 30. Rg4 Nf6 31. Rg5 Ne6 32. Ra5 a6 33. Re5 Kd7 34. Nc4 Nd5 35. Na5 b6 36. Nxc6 Kxc6 37. Rxe6+ Kd7 38. Rg6 Ke7 39. a4 Nf6 40. a5 b5 41. Rg5 Kf7 42. Rc5 Rh6 43. Rc7+ Kg8 44. Kg2 Ne4 45. c4 bxc4 46. Rxc4 Rg6 47. Rc8+ Kh7 48. Kf3 Nxg3 49. d5 Nf5 50. Kf4 Nd6 51. Rc6 Rf6+ 52. Ke5 Nf7+ 53. Kd4 Rxc6 54. dxc6 Nd6 55. c7 g5 56. Ke5 Nc8 57. b4 Kg6 58. Ke6 g4 59. Kd7 Na7 60. b5 axb5 61. a6 g3 62. c8Q Nxc8 63. Kxc8 g2 64. a7 g1Q 65. a8Q Qc5+ 66. Kd7 Kf5 67. Qf3+ Ke5 68. Qe2+ Kd4 69. Qd2+ Kc4 70. Qc2+ Kb4 71. Qb1+ Ka4 72. Qd1+ Ka5 73. Qa1+ Kb6 74. Qf6+ Kb7 75. Qf3+ Ka7 76. Qb3 b4 77. Qa2+ Kb7 78. Qg2+ Kb6 79. Qf3 Qc7+ 0-1

[Event "Budapest FS07 IM"]
[Site "Budapest"]
[Date "2023.07.04"]
[Round "4"]
[White "Anand, Batsukh"]
[Black "Bhagat, Kush"]
[Result "1-0"]
[WhiteElo "2242"]
[BlackElo "2184"]
[PlyCount "105"]
[EventDate "2023.07.01"]
[EventType "swiss"]
[EventRounds "9"]
[EventCountry "HUN"]
[SourceTitle "EXT 2024"]
[Source "ChessBase"]
[SourceDate "2023.10.10"]
[SourceVersion "1"]
[SourceVersionDate "2023.10.10"]
[SourceQuality "1"]

1. d4 Nf6 2. c4 g6 3. Nc3 Bg7 4. Nf3 0-0 5. Bg5 d6 6. e3 Nbd7 7. Be2 e5 8. 0-0 h6 9. Bh4 g5 10. Bg3 Nh5 11. dxe5 Nxg3 12. hxg3 dxe5 13. Qc2 f5 14. Rad1 c6 15. Nd2 h5 16. g4 hxg4 17. e4 f4 18. Bxg4 Nf6 19. Nf3 Qe8 20. Bxc8 Rxc8 21. Nxg5 Qh5 22. Nf3 Ng4 23. Rd6 Rf7 24. Rfd1 Bf8 25. Rd7 Rc7 26. Rxc7 Rxc7 27. Rd8 Rh7 28. Kf1 Qh1+ 29. Ke2 Qxg2 30. Nd1 Rh1 31. c5 Qf1+ 32. Kd2 b5 33. Qb3+ Kg7 34. Ng5 Qxd1+ 35. Qxd1 Rxd1+ 36. Kxd1 Be7 37. Rd7 Kf6 38. Rc7 Kxg5 39. Rxe7 Nxf2+ 40. Ke2 Kf6 41. Rc7 Nxe4 42. Rxc6+ Kf5 43. Rc8 Ng3+ 44. Ke1 Ke6 45. Rd8 Ke7 46. Rd5 e4 47. Rd4 f3 48. Kf2 Nh1+ 49. Ke3 Ng3 50. Rd1 Ke6 51. c6 Ke5 52. c7 Nf5+ 53. Kf2 1-0

[Event "Prague op"]
[Site "Prague"]
[Date "2023.06.25"]
[Round "4"]
[White "Anand, Batsukh"]
[Black "Agdelen, Huseyin Can"]
[Result "1-0"]
[WhiteElo "2242"]
[BlackElo "2391"]
[PlyCount "77"]
[EventDate "2023.06.22"]
[EventType "swiss"]
[EventRounds "9"]
[EventCountry "CZE"]
[SourceTitle "CBM 215 Extra"]
[Source "ChessBase"]
[SourceDate "2023.09.30"]
[SourceVersion "1"]
[SourceVersionDate "2023.09.30"]
[SourceQuality "1"]

1. d4 d5 2. c4 c6 3. Nf3 Nf6 4. g3 dxc4 5. Bg2 g6 6. Ne5 Bg7 7. 0-0 Ng4 8. Nf3 0-0 9. a4 e5 10. h3 e4 11. Ng5 Nf6 12. Nc3 Qe7 13. e3 h6 14. Ngxe4 Nxe4 15. Nxe4 Bf5 16. Nd2 Bd3 17. Re1 Rd8 18. b3 cxb3 19. Ba3 Qe8 20. Qxb3 Ba6 21. Ne4 Nd7 22. Nd6 Qe6 23. d5 Qf6 24. Nxb7 Bxb7 25. Qxb7 cxd5 26. Rad1 Rab8 27. Qxd5 Nb6 28. Qc6 Qc3 29. Be7 Rdc8 30. Qb5 Nc4 31. Qd7 Nb6 32. Qxa7 Nc4 33. Rc1 Qe5 34. Red1 Re8 35. Bc5 Nb2 36. Bd6 Qe6 37. Bd5 Qf5 38. Bxb8 Nxd1 39. Rxd1 1-0

[Event "BCF-chT2 2223 (4NCL)"]
[Site "England"]
[Date "2023.01.15"]
[Round "4.53"]
[White "Anand, Batsukh"]
[Black "Graham, David Bruce"]
[Result "1-0"]
[WhiteElo "2200"]
[BlackElo "2206"]
[PlyCount "183"]
[EventDate "2022.10.22"]
[EventType "team-tourn"]
[EventRounds "11"]
[EventCountry "ENG"]
[SourceTitle "EXT 2024"]
[Source "ChessBase"]
[SourceDate "2023.10.10"]
[SourceVersion "1"]
[SourceVersionDate "2023.10.10"]
[SourceQuality "1"]
[WhiteTeam "Oxford"]
[BlackTeam "Sussex Martlets"]
[WhiteTeamCountry "ENG"]
[BlackTeamCountry "ENG"]

1. d4 Nf6 2. c4 g6 3. Nc3 Bg7 4. Nf3 d6 5. Bg5 0-0 6. e3 c6 7. Be2 Nbd7 8. 0-0 a5 9. Qc2 Qc7 10. Rfd1 Re8 11. Rac1 e5 12. h3 Nf8 13. Bh4 Bf5 14. e4 exd4 15. Nb5 cxb5 16. exf5 bxc4 17. Bxc4 Rac8 18. Nxd4 d5 19. Bb5 Qf4 20. Bg3 Qxc1 21. Rxc1 Rxc2 22. Rxc2 Re1+ 23. Kh2 Ne4 24. Nf3 Ra1 25. a4 Nxg3 26. fxg3 gxf5 27. Rd2 Ne6 28. Rxd5 Bxb2 29. Bd7 f4 30. gxf4 Nxf4 31. Rxa5 Rd1 32. Bb5 Ne6 33. Bc4 Ba3 34. Bxe6 fxe6 35. h4 Bd6+ 36. Kh3 Kg7 37. Rb5 Rh1+ 38. Kg4 Kg6 39. h5+ Kf6 40. Rxb7 Ra1 41. Ra7 Ra2 42. Kh3 h6 43. Ra6 Bc7 44. Rc6 Bb8 45. Rc4 Ra3 46. Rc8 Bd6 47. Ra8 e5 48. Ra6 Rd3 49. Kg4 e4 50. Ne1 Rd2 51. g3 Ke6 52. Kh3 e3 53. Ng2 e2 54. Kg4 Kd5 55. Kf3 Ra2 56. Ra8 Be5 57. a5 Bc3 58. Nf4+ Ke5 59. Nxe2 Bxa5 60. Ra6 Ra3+ 61. Kg4 Ra1 62. Rxh6 Bd2 63. Rg6 Rh1 64. Nf4 Bxf4 65. gxf4+ Kd5 66. h6 Rh2 67. Rg5+ Ke6 68. Rh5 Rg2+ 69. Kf3 Rg8 70. Ke4 Rh8 71. h7 Kf6 72. Kd5 Kg6 73. Rh1 Kf6 74. Kd6 Rd8+ 75. Kc7 Rh8 76. Kd7 Kf7 77. Kd6 Kf6 78. Rh6+ Kg7 79. Rh5 Kg6 80. Rg5+ Kf6 81. Rh5 Kg6 82. Rh1 Kf6 83. Rh4 Rd8+ 84. Kc5 Rh8 85. Kd4 Kf5 86. Ke3 Kg6 87. Ke4 Re8+ 88. Kd5 Rh8 89. Ke6 Re8+ 90. Kd7 Rh8 91. Ke7 Kg7 92. f5 1-0

[Event "BCF-chT2 2223 (4NCL)"]
[Site "England"]
[Date "2023.01.14"]
[Round "3.45"]
[White "Shafi, Declan"]
[Black "Anand, Batsukh"]
[Result "0-1"]
[WhiteElo "2177"]
[BlackElo "2200"]
[PlyCount "122"]
[EventDate "2022.10.22"]
[EventType "team-tourn"]
[EventRounds "11"]
[EventCountry "ENG"]
[SourceTitle "EXT 2024"]
[Source "ChessBase"]
[SourceDate "2023.10.10"]
[SourceVersion "1"]
[SourceVersionDate "2023.10.10"]
[SourceQuality "1"]
[WhiteTeam "Alba"]
[BlackTeam "Oxford"]
[WhiteTeamCountry "ENG"]
[BlackTeamCountry "ENG"]

1. d4 Nf6 2. Nf3 g6 3. g3 Bg7 4. Bg2 c5 5. dxc5 Qa5+ 6. Nfd2 Qxc5 7. Nc3 0-0 8. Nb3 Qc7 9. Bg5 Nc6 10. Qd2 Rb8 11. 0-0-0 b5 12. e4 b4 13. Bxf6 Bxf6 14. Nd5 Qe5 15. Nxf6+ Qxf6 16. f4 d6 17. Kb1 Bg4 18. Rdf1 Rfc8 19. f5 a5 20. h3 a4 21. fxg6 Qxg6 22. hxg4 axb3 23. axb3 Ne5 24. Rf5 Qg7 25. Qh6 Qxh6 26. Rxh6 Kg7 27. Rh1 h6 28. g5 Rh8 29. Rhf1 hxg5 30. Rxg5+ Ng6 31. Kc1 Rh2 32. Rf2 f6 33. Rgf5 Ne5 34. Kd2 Ra8 35. Bf1 Rh1 36. c3 bxc3+ 37. Kxc3 Rc8+ 38. Kd2 Rb8 39. Kc3 Ng4 40. Re2 Rg1 41. Rf3 Ne5 42. Ref2 Nxf3 43. Rxf3 Rc8+ 44. Bc4 Rg2 45. b4 Re2 46. Rf4 Re3+ 47. Kd2 Rxg3 48. b3 Ra8 49. b5 Ra2+ 50. Ke1 Rg1+ 51. Bf1 Ra1+ 52. Ke2 Rb1 53. Rf3 Rgxf1 54. Rxf1 Rxb3 55. Rf5 e6 56. Rh5 Kg6 57. Rh8 Rxb5 58. Rd8 d5 59. Rd6 dxe4 60. Rxe6 Kf5 61. Ra6 Ke5 0-1

[Event "Hastings Masters op"]
[Site "Hastings"]
[Date "2022.12.29"]
[Round "2"]
[White "Banerjee, Supratit"]
[Black "Anand, Batsukh"]
[Result "0-1"]
[WhiteElo "1541"]
[BlackElo "2203"]
[PlyCount "124"]
[EventDate "2022.12.28"]
[EventType "swiss"]
[EventRounds "10"]
[EventCountry "ENG"]
[SourceTitle "CBM 212 Extra"]
[Source "ChessBase"]
[SourceDate "2023.03.31"]
[SourceVersion "1"]
[SourceVersionDate "2023.03.31"]
[SourceQuality "1"]

1. e4 d6 2. d4 g6 3. Nf3 Bg7 4. Nc3 Nf6 5. Bd3 0-0 6. 0-0 c6 7. Re1 Bg4 8. h3 Bxf3 9. Qxf3 Nfd7 10. Be3 e6 11. Rad1 a6 12. Bc4 d5 13. exd5 cxd5 14. Bb3 Nc6 15. a3 Rc8 16. Rd2 Nb6 17. Red1 Na5 18. Re2 Nbc4 19. Bxc4 Nxc4 20. Bc1 Qb6 21. b3 Nd6 22. Bb2 Rc6 23. Na4 Qc7 24. Nc5 a5 25. Qd3 b6 26. Na4 Rc8 27. c3 Bf8 28. Qf3 Nc4 29. Bc1 Nd6 30. Bf4 Qd7 31. Be5 Bg7 32. Bxg7 Kxg7 33. Qe3 Nf5 34. Qd3 Qd6 35. g4 Ne7 36. Ra1 g5 37. Qe3 h6 38. h4 gxh4 39. f4 Rg8 40. Kh1 Kh7 41. Rg1 f5 42. Qf3 fxg4 43. Rxg4 Rcc8 44. Reg2 Nf5 45. Kh2 Qc7 46. Qe2 Rxg4 47. Qxg4 Qf7 48. Qf3 Ng3 49. c4 Rc6 50. Nc3 Qf5 51. cxd5 exd5 52. Nxd5 Qb1 53. Rf2 Rc1 54. Nf6+ Kg6 55. Qg4+ Kxf6 56. Qxh4+ Kf7 57. Kxg3 Rg1+ 58. Kh3 Rh1+ 59. Rh2 Qf1+ 60. Kg4 Qg1+ 61. Kf5 Qg6+ 62. Ke5 Qe6# 0-1

[Event "Hastings Masters op"]
[Site "Hastings"]
[Date "2022.12.28"]
[Round "1"]
[White "Anand, Batsukh"]
[Black "Shepley, Julien M"]
[Result "1-0"]
[WhiteElo "2203"]
[BlackElo "1848"]
[PlyCount "107"]
[EventDate "2022.12.28"]
[EventType "swiss"]
[EventRounds "10"]
[EventCountry "ENG"]
[SourceTitle "CBM 212 Extra"]
[Source "ChessBase"]
[SourceDate "2023.03.31"]
[SourceVersion "1"]
[SourceVersionDate "2023.03.31"]
[SourceQuality "1"]

1. d4 d5 2. c4 e6 3. Nf3 c5 4. cxd5 exd5 5. g3 Nc6 6. Bg2 Nf6 7. 0-0 Be7 8. Nc3 0-0 9. Bg5 cxd4 10. Nxd4 h6 11. Nxc6 bxc6 12. Be3 Bg4 13. Na4 Qd7 14. Bc5 Rfe8 15. Re1 Bxc5 16. Nxc5 Qe7 17. Qd4 Rab8 18. Rac1 Qe5 19. Qxe5 Rxe5 20. e3 Re7 21. b3 Bf5 22. Red1 Rb6 23. Na4 Rb4 24. Rxc6 d4 25. Re1 dxe3 26. Rxe3 Rxe3 27. fxe3 Ng4 28. Rc3 Bb1 29. a3 Rb8 30. h3 Nf6 31. Nc5 a5 32. Rc1 Bg6 33. Nb7 a4 34. b4 Ne4 35. Bxe4 Bxe4 36. Nd6 Bd5 37. e4 Be6 38. b5 Kf8 39. Rc7 Rb6 40. e5 f6 41. Rc6 Rb8 42. b6 fxe5 43. b7 Bxh3 44. Ra6 Ke7 45. Ra8 Kxd6 46. Rxb8 Kc7 47. Ra8 Kxb7 48. Rxa4 Kc6 49. Rb4 Be6 50. a4 Kc5 51. Rb7 g6 52. a5 Bd5 53. a6 g5 54. Rb8 1-0